| 000 | 00000nam 2200000za 4500 |
| 001 | 9.700385 |
| 003 | CaOODSP |
| 005 | 20230818111912 |
| 007 | cr ||||||||||| |
| 008 | 150407|1968||||xxc|||||o f|0| 0 eng d |
| 040 | |aCaOODSP|beng |
| 043 | |an-cn--- |
| 086 | 1 |aA53-1375/1968E-PDF |
| 110 | 1 |aCanada.|bAgriculture Canada. |bInformation Services. |
| 245 | 10|aOrchard replant problems / |h[electronic resource]|c[by] G.W. Bird. |
| 260 | |aOttawa - Ontario : |bAgriculture Canada. |c1968. |
| 300 | |a8p.|billus. |
| 500 | |aHistorical publication digitized by Agriculture and Agri-Food Canada. |
| 590 | |a15-03-Supp|b2015-03-13 |
| 690 | 07|aPlant diseases|2gcpds |
| 720 | 1 |aBird, G. W. |
| 794 | |tOrchard replant problems / |w(CaOODSP)9.700386 |
| 856 | 40|ahttp://publications.gc.ca|qPDF|s383 KB|uhttps://publications.gc.ca/collections/collection_2015/aac-aafc/A53-1375-1968-eng.pdf |
| 986 | |aPublication 1375 |